| 000 | 00640nam a2200241Ia 4500 | ||
|---|---|---|---|
| 999 |
_c30208 _d30208 |
||
| 040 | _aBC-EPAU | ||
| 041 | 1 | 0 | _afre |
| 100 | _aOUROUA , Meriem Imene | ||
| 245 | 1 | 0 |
_aNégocier le littoral _bPour un surf hub sur la cote de Ain Benian |
| 260 |
_aEPAU _bEPAU _c2018 |
||
| 300 |
_a88 p. _bIll. en coul., fig. _c25 cm. _eCD |
||
| 700 |
_aFERAHTA, Latifa _eRapporteur |
||
| 700 |
_aZEROUAL, Lotfi _eRapporteur |
||
| 942 | 1 | 0 |
_c32 _t4201 _u7/0172 |
| 994 | _a42010172 | ||
| 502 | _aRapport PFE | ||
| 520 | 1 | 0 | _a |
| 653 | _aLittorale | ||
| 653 | _aAménagement | ||
| 653 | _aUrbanisme | ||
| 653 | _aAin Benian | ||